MDQL
is popping MORE tags! Check the
thread
!
Quizzes
Events
Quiz Creation
Community
Videos
Private Events
Remove Ads
Sign In
Join for FREE
Feedback
Dark Mode
Quiz Categories
Sports
Geography
Music
Movies
Television
Just For Fun
Miscellaneous
History
Literature
Language
Science
Gaming
Entertainment
Religion
Holiday
For Kids
Quiz Lab
Recent
Popular Today
Quiz Kudos Today
Editor Picks
Curator Picks
Quizzes by...
Day
Popularity
Type
Ratings
Length
Year
Community
Subscriptions
Recent Discussions
Orange Saloon
Badges
Playlists
Quests
Create
Leaderboards
Showdown
Live 5
Trivia Bingo
Activity
Puzzle Library
Sporcle Events
Private Events
Virtual Trivia
Globe League
Become a Host
Pub Owners
SporcleCon
Opinionation
Our Games
Videos
Blog
Mobile Apps
Partnerships
Remove Ads and Go Orange
Feedback
Just For Fun
Clickable
Get the Picture
Humor
Quick Pick
Word Ladder
Missing Word
Mixed Word
Blitz
Minefield
This or That
Alphabet
Color
Typing
Sporcle
Puzzle
Word Play
Follow That Line
Logic
Just For Fun
Clickable
Get the Picture
Humor
Quick Pick
Word Ladder
Missing Word
Mixed Word
Blitz
Minefield
This or That
Alphabet
Color
Typing
Sporcle
Puzzle
Word Play
Follow That Line
Logic
Random Quiz
Search Sporcle
×
Quiz Lab
Quiz Lab
Just For Fun
Harry Potter
Type in answers that appear in a list
Type in answers that appear in a list
Classic
Best Score? Go Orange.
Harry Potter Spells Stats
Can you name the Harry Potter Spells?
By
Elizalib
10m
79 Questions
1,955 Plays
1,955 Plays
1,955 Plays
Comments
Comments
Give Quiz Kudos
Give Quiz Kudos
-
- Ratings
hide this ad
Replay
Link that replays current quiz
Next Quiz
Link to next quiz in quiz playlist
You Got
0%
They Got
Avg Score
24%
Avg Friend Score
Upgrade to see
Score Distribution
Jump to the score distribution portion of the page
Score
0/79
Timer
10:00
0
Plays Today
% Correct
Avada Kedavra
83.3%
Wingardium Leviosa
78%
Crucio
76.9%
Accio
75.5%
Expecto Patronum
70.8%
Lumos
68.9%
Alohomora
67.5%
Expelliarmus
67.4%
Imperio
64.8%
Stupefy
52.4%
Nox
51.5%
Sectumsempra
48.7%
Reducto
45.5%
Aguamenti
44.8%
Obliviate
40.9%
Petrificus Totalus
40%
Reparo
39.9%
Protego
36.5%
Levicorpus
35.9%
Incendio
34.2%
Bombarda
34%
Engorgio
32.9%
Diffindo
29.2%
Riddikulus
28.2%
Avis
25.2%
Episkey
21.7%
Muffliato
20.6%
Impedimenta
20.3%
Serpensortia
19.5%
Confringo
19.4%
Reducio
19.3%
Confundus
19.3%
Rictusempra
19%
Finite Incantatem
18.7%
Silencio
17.9%
Legilimens
17.1%
Colloportus
16.6%
Sonorus
16.3%
Aparecium
16.2%
Tarantallegra
14.9%
% Correct
Relashio
14.8%
Salvio Hexia
14.5%
Liberacorpus
14.4%
Evanesco
13.3%
Locomotor Mortis
13.2%
Revelio
13.1%
Repello
13%
Impervius
12.9%
Morsmordre
12.9%
Point Me
12.1%
Avifors
11.8%
Flipendo
11.1%
Duro
11%
Geminio
10.9%
Immobulus
10.8%
Incarcerous
10.7%
Densaugeo
10.4%
Ferula
10.2%
Fera Verto
10.2%
Portus
9.9%
Waddiwasi
9.7%
Quietus
9.6%
Mobilicorpus
9.6%
Dissendium
9.4%
Scourgify
9.4%
Deletrius
8.5%
Tergeo
8.4%
Prior Incantato
7.9%
Repello Muggletum
7.9%
Enervate
7.9%
Orchideous
7.8%
Fidelius
7.6%
Rennervate
7.6%
Mobiliarbus
7.5%
Furnunculus
7.4%
Flagrate
7.1%
Conjunctivitis
6.3%
Homorphus
3.7%
1.6%
Quiz Playlist
Details
Report
Send in Message
Add To Playlist
Classic:
Type in answers that appear in a list
Last Updated: Apr 3, 2017
Quiz Scoreboard
CHALLENGE
Sign Up to Join the Scoreboard
Show All
Scores
Hide
Comments
May contain spoilers
Recently Published
5x2 Blitz: Bands
by SL_Kpop136
Music
30s
Colored Red Africa Blitz
by spor1
Geography
30s
Find the 'City' Movie
by crazypaving
Movies
60s
More to Explore
Quiz From the Vault
Featured Blog Post
14 Easter Pick-up Lines to Find Eggs With
hide this ad
You Might Also Like...
Tags
Harry Potter Quiz
Spelling
Today's Top Quizzes in Just For Fun
Browse Just For Fun
hide this ad
Today's Top Quizzes in Harry Potter
Browse Harry Potter
Top Contributed Quizzes in Just For Fun
1
Avatar the Last Airbender: Logic Puzzle
2
Name Just One - 10 to 1: Just For Fun
3
Missing Word: 2-Letter A-Z II
4
Missing Letter Whitney Houston Songs
5
Survivor Winners Logic Puzzle
6
Shadowhunters Protagonists Logic Quiz
7
Quick 5-Color Logic (18)
8
Medium Renzoku Puzzle 11
9
It's Magic / Witchcraft 🎩🪄🧙♀️
10
Killer Double Trees 224 - Colour Match-Up
Explore More
Trending Topics
Harry Potter
Kpop
Disney
Marvel
NBA
Anime
Crossword
Country
Puzzle
Pokémon
Soccer
The Office
WWE
Song
NFL
hide this ad
More By:
Elizalib
Quiz
Plays
Rating
Category
Featured
Created
Harry Potter Spells
1,955
3.33
Just For Fun
Aug 16, 2011
Go to Creator's Profile
Score Distribution
Quiz Creator Spotlight
Elizalib
Follow
Send a Message
Quizzes Created
-
Created Quiz Play Count
-
More By This Creator
Popular Quizzes Today
1
Colored Red Africa Blitz
2
Find the 'City' Movie
3
5x2 Blitz: Bands
4
Find the US States - No Outlines Minefield
5
The Countries of the World
6
Find the US States
7
US States
8
Find the Countries of Europe - No Outlines Minefield
More Just For Fun Quizzes
Tectonic Puzzle 3 - Hard
Quiz Lab
Trending Quizzes
Colored Red Europe Blitz I
Colored Red Europe Blitz II
Colored Red Africa Blitz II
Colored Red Europe Blitz III
Colored Red Africa Blitz III
Recently Updated
How Do You Spell That?
pecheneg
Godzilla Movies
pecheneg
Grab Bag: 4-10 Letters
pecheneg
2024 March Madness Bracket
pecheneg
Famous TV Couples
Peacemaker
Champions League XIs: Real Madrid
pecheneg
Largest US Cities 1790-2010
pecheneg
Rides in Walt Disney World
pecheneg
Most Oscar Losses (Acting)
pecheneg
Beyoncé Albums
pecheneg
Trending Topics
Marvel
Harry Potter
Kpop
Anime
NBA
Disney
Crossword
Soccer
Song
Country
NFL
Pokémon
WWE
The Office
Puzzle
Your Account Isn't Verified!
In order to create a playlist on Sporcle, you need to verify the email address you used during registration. Go to your
Sporcle Settings
to finish the process.
Report this User
Report this user for behavior that violates our
Community Guidelines
.
Details:
Send Report
Go to the Sporcle.com Mobile Site →
Comments